The creative office (Record no. 101804)

MARC details
000 -LEADER
fixed length control field 00786cam a2200253 4500
001 - CONTROL NUMBER
control field 185669156X
008 - FIXED-LENGTH DATA ELEMENTS--GENERAL INFORMATION
fixed length control field 011217n1999 000 0 eng u
035 ## - SYSTEM CONTROL NUMBER
System control number (Sirsi) u116022
050 ## - LIBRARY OF CONGRESS CALL NUMBER
Classification number 725.23
100 ## - MAIN ENTRY--PERSONAL NAME
Personal name Myerson, J.
245 #4 - TITLE STATEMENT
Title The creative office
260 ## - PUBLICATION, DISTRIBUTION, ETC.
Place of publication, distribution, etc. London
Name of publisher, distributor, etc. Laurence King
Date of publication, distribution, etc. 1999
300 ## - PHYSICAL DESCRIPTION
Extent 240p.
Other physical details ill.
Dimensions 30cm.
350 ## - PRICE (NR) (BK AM CF MU VM SE) [OBSOLETE]
Price 45.00
520 ## - SUMMARY, ETC.
Summary, etc. Surveys current workplace design, examining the shift in work patterns afforded by information technology and presenting more than 40 case studies from around the world.
650 ## - SUBJECT ADDED ENTRY--TOPICAL TERM
Topical term or geographic name entry element OFFICE DESIGN
650 ## - SUBJECT ADDED ENTRY--TOPICAL TERM
Topical term or geographic name entry element OFFICE LAYOUT
650 ## - SUBJECT ADDED ENTRY--TOPICAL TERM
Topical term or geographic name entry element OFFICE PLANNING
650 ## - SUBJECT ADDED ENTRY--TOPICAL TERM
Topical term or geographic name entry element OFFICES
650 ## - SUBJECT ADDED ENTRY--TOPICAL TERM
Topical term or geographic name entry element WORKING PRACTICES
690 ## - LOCAL SUBJECT ADDED ENTRY--TOPICAL TERM (OCLC, RLIN)
Topical term or geographic name as entry element BUILT ENVIRONMENT-CONSTRUCTION DESIGN
700 ## - ADDED ENTRY--PERSONAL NAME
Personal name Ross, P.
942 ## - ADDED ENTRY ELEMENTS (KOHA)
Suppress in OPAC 0
Holdings
Withdrawn status Lost status Source of classification or shelving scheme Damaged status Not for loan Home library Current library Shelving location Date acquired Cost, normal purchase price Total Checkouts Full call number Barcode Date last seen Date last checked out Copy number Cost, replacement price Price effective from Koha item type
    Dewey Decimal Classification     London London Folio 18/01/2002 38.25 4 F725.23 MYE 30065235 06/08/2019 16/03/2005 1 38.25 06/08/2019 Book